| 000 | 00717nam a2200217 a 4500 | ||
|---|---|---|---|
| 001 | 4223 | ||
| 003 | CDMR | ||
| 005 | 20151022114202.0 | ||
| 008 | 130130s1991||||||||||||||||||||||||||||d | ||
| 020 | _a8439317727 | ||
| 040 |
_aCDMR _bcat _cCDMR |
||
| 245 | 0 | 0 |
_aComunicació, identitat cultural i relacions interculturals _b: simposi internacional _cAnders Arfwedson...[et al.] |
| 260 |
_aBarcelona _c1991 _bGeneralitat de Catalunya |
||
| 490 | 0 |
_aMonografies i documents _v1 |
|
| 650 | 0 | 4 |
_92777 _aComunicació intercultural |
| 650 | 0 | 4 |
_94287 _aIdentitat col·lectiva |
| 650 | 0 | 4 |
_94399 _aComunicació _xCongressos |
| 710 | 2 |
_9304 _aCentre d'Investigació de la Comunicació |
|
| 710 | 2 |
_91452 _aUnesco |
|
| 942 |
_cMON _2udc |
||
| 999 |
_c4223 _d4223 |
||